| 000 | 00850nam a2200205Ia 4500 | ||
|---|---|---|---|
| 003 | Ost | ||
| 005 | 20260507075632.0 | ||
| 008 | 260507s9999||||xx |||||||||||||| ||und|| | ||
| 040 | _cfsecg | ||
| 041 | _aara | ||
| 082 | _a658.5421 | ||
| 100 |
_aتيمب، دايل _eمؤلف |
||
| 245 | 0 |
_aإدارة الوقت / _c دايل تيمب |
|
| 260 |
_aالرياض: _bالادارة العامة, _c2001 |
||
| 300 |
_a573 صفحة؛ _c24 سم |
||
| 490 | _aسلسلة فن وعلم إدارة الأعمال | ||
| 520 | _aادارة الوقت ، النظريات والمفاهيم ،مبدأ ادارة الوقت ،جدولة الوقت ، التخطيط والتحكم ،مبدأ الأولوية ، التأجيل خطأجسيم ، مبدأعلمي ،أساليب وتكنولوجيا | ||
| 653 | _aإدارة الوقت | ||
| 942 | _cكتاب | ||
| 999 |
_c45230 _d45230 |
||